000 01141cam a2200313 a 4500
999 _c6725
_d6725
001 13477037
003 OSt
005 20200310090009.0
008 040202s2004 enka b 001 0 eng
010 _a 2004044010
020 _a1860944248 (alk. paper)
020 _a1860944353 (pbk. : alk paper)
035 _a(OCoLC)ocm54415965
040 _aDLC
_cDLC
_dC#P
_dMUQ
_dBAKER
_dNLGGC
_dDLC
050 0 0 _aQA805
_b.K5 2004
082 _a531
_bKIB 2004
084 _2bcl
100 1 _aKibble, Tom W. B.
_94082
245 1 0 _aClassical mechanics /
_cTom W.B. Kibble, Frank H. Berkshire.
250 _a5th ed.
260 _aLondon :
_bImperial College Press ;
_aRiver Edge, NJ :
_bDistributed by World Scientific Pub.,
_c2004.
300 _axx, 478 p. :
_bill. ;
_c24 cm.
504 _aIncludes bibliographical references (p. 463-464) and index.
650 0 _aMechanics, Analytic.
_98036
700 1 _aBerkshire, F. H.
_q(Frank H.)
_913812
906 _a7
_bcbc
_corignew
_d1
_eocip
_f20
_gy-gencatlg
942 _2ddc
_cO_SHELF